Regesten der Urkunden zur Geschichte der Stadt Berlin 1500 bis 1815
| Titel: | Regesten der Urkunden zur Geschichte der Stadt Berlin 1500 bis 1815 / bearb. von Gaby Huch |
|---|---|
| Beteiligt: | |
| Ausgabe: | 1. Auflage |
| Veröffentlicht: | Berlin : BWV, Berliner Wiss.-Verlag, 2004 |
| Umfang: | 642 Seiten ; 24 cm |
| Format: | Buch |
| Sprache: | Deutsch |
| Schriftenreihe/ mehrbändiges Werk: |
Berlin-Forschungen der Historischen Kommission zu Berlin ; 5 |
| RVK-Notation: | |
| ISBN: | 383050862X ; 9783830508625 |
alg: 12793688 001A $06000:14-04-05 001B $01999:08-02-25 $t15:18:22.000 001D $00066:13-07-05 001U $0utf8 001X $00 002@ $0Aau 002C $aText $btxt $2rdacontent 002D $aohne Hilfsmittel zu benutzen $bn $2rdamedia 002E $aBand $bnc $2rdacarrier 003@ $0127936882 003O $060116124 $aOCoLC 004A $03-8305-0862-X $fkart. : EUR 78.00, sfr 131.00 004A $A978-3-8305-0862-5 006G $0972365567 006T $004,N44,1187 006U $005,A17,1275 $f20041001 007A $0972365567 $aDNB 007T $0ArchMa09442 010@ $ager 011@ $a2004 013D $RQuelle $#Regesten $#Urkundenbuch Regest $#Urkunde Regest $74049007-5 $8Regest [Ts1] $9085136581 017A $asf 021A $aRegesten der Urkunden zur Geschichte der Stadt Berlin 1500 bis 1815 $hbearb. von Gaby Huch 028C $BHerausgeber $4edt $71127560115 $8Huch, Gaby$Z1963- [Tp3] $9400459051 032@ $a1. Auflage 033A $pBerlin $nBWV, Berliner Wiss.-Verlag 034D $a642 Seiten 034I $a24 cm 036E $aBerlin-Forschungen der Historischen Kommission zu Berlin $l5 036F $x15 $8Berlin-Forschungen der Historischen Kommission zu Berlin $9098418181 $l5 037A $aLiteraturverzeichnis Seite 561 - 574 044K $qDNB $RBerlin $RBerlin $RBerlin $RBerlin $RBerlin $RBerlin $#Berlin $#Berlin $#柏林 $#Großberlin $#Groß-Berlin $#Haupt- und Residenz-Stadt Berlin $#Reichshauptstadt Berlin $#Berlino $#Berolino $#Stadtgemeinde Berlin $#Hauptstadt Berlin $#Birlīn $#Barlīn $#Berolinon $#Land Berlin $#Coloniae Brandenburgicae $#Berlinum $#Verolino $#Berolinum $#Cölln an der Spree $#Colonia Brandenburgica $#Colonia Marchica $#Cöln an der Spree $#"Besonderes Gebiet" Berlin $#Gross-Berlin $74005728-8 $8Berlin [Tgz] $9085007188 045B $a016.943155 $ALoC $eDDC22oclc 045E $c943 045R $aGeschichte 1500-1815 045Z $8NR 6910 [Tkv] $9410926647 lok: 12793688 3 101B $005-12-12 $t09:13:13.000 101C $005-12-12 101U $0utf8 145S/01 $a039 exp: 12793688 3 1 #EPN 201B/01 $005-12-12 $t09:13:13.000 201C/01 $014-11-12 201U/01 $0utf8 203@/01 $0656710780 208@/01 $a05-12-12 $bzAa 209A/01 $a89.859.64 $du $f000 $h89 859 64 $x00 209G/01 $a89859646 $x00 247C/01 $8601000-3 <30>Frankfurt, Universitätsbibliothek J. C. Senckenberg, Zentralbibliothek (ZB) $9102598258 lok: 12793688 21 exp: 12793688 21 1 #EPN 201B/01 $013-07-05 $t11:07:27.000 201C/01 $021-06-05 203@/01 $026116015X 208@/01 $a21-06-05 $bz 209A/01 $a2005/1692 $du $f100 $h2005 1692 $x00 209G/01 $a52037344 $x00 209G/01 $aMagazin $x01 247C/01 $8640100-4 <66>Fulda, Hochschul- und Landesbibliothek Fulda, Standort Heinrich-von-Bibra-Platz $9102599599 201U/01 $0utf8 lok: 12793688 105 exp: 12793688 105 1 #EPN 201B/01 $030-01-19 $t13:49:46.000 201C/01 $030-01-19 201U/01 $0utf8 203@/01 $01042290237 208@/01 $a13-12-18 $be 209A/01 $a/ $f106 $x00 245Z/01 $a3.08.02. $bArchivwesen des Bundes- und der deutschen Bundesländer / Berlin / Archive und Archivbestände $x01 247C/01 $8->Marburg, Bibliographie zum Archivwesen der Archivschule Marburg $939588196X lok: 12793688 205 exp: 12793688 205 1 #EPN 201B/01 $008-05-06 $t14:02:39.000 201C/01 $009-02-06 203@/01 $0352129042 208@/01 $a08-05-06 $bz 209A/01 $aEPB 52 $ds $f406 $x00 209B/01 $a80 $x05 209C/01 $aF 2006/67 247C/01 $8351406-7 <4/406>Marburg, Universität Marburg, Bibliothek des Hessischen Instituts für Landesgeschichte, Abt. Forschungsstelle für geschichtliche Landeskunde Mitteldeutschlands $9102595453 201U/01 $0utf8
| LEADER | 00000cam a2200000 c 4500 | ||
|---|---|---|---|
| 001 | 127936882 | ||
| 003 | DE-603 | ||
| 005 | 20250208151822.0 | ||
| 007 | tu | ||
| 008 | 050414s2004 xx |||| | u00||u|ger | ||
| 015 | |a 05,A17,1275 |z 04,N44,1187 |2 dnb | ||
| 016 | 7 | |2 DE-101 |a 972365567 | |
| 020 | |a 383050862X |c kart. : EUR 78.00, sfr 131.00 | ||
| 020 | |a 9783830508625 | ||
| 035 | |a (DE-599)DNB972365567 | ||
| 035 | |a (OCoLC)60116124 | ||
| 040 | |a DE-603 |b ger |c DE-603 |d DE-603 | ||
| 041 | |a ger | ||
| 082 | 7 | |8 1\p |a 016.943155 |2 22/oclc | |
| 084 | |a 943 |q DE-101 |2 sdnb | ||
| 084 | |a NR 6910 |0 (DE-625)129679: |0 (DE-603)410926647 |2 rvk | ||
| 090 | |a b | ||
| 245 | 0 | 0 | |a Regesten der Urkunden zur Geschichte der Stadt Berlin 1500 bis 1815 |c bearb. von Gaby Huch |
| 250 | |a 1. Auflage | ||
| 264 | 1 | |a Berlin |b BWV, Berliner Wiss.-Verlag |c 2004 | |
| 300 | |a 642 Seiten |c 24 cm | ||
| 336 | |a Text |b txt |2 rdacontent | ||
| 337 | |a ohne Hilfsmittel zu benutzen |b n |2 rdamedia | ||
| 338 | |a Band |b nc |2 rdacarrier | ||
| 490 | 1 | |a Berlin-Forschungen der Historischen Kommission zu Berlin |v 5 | |
| 500 | |a Literaturverzeichnis Seite 561 - 574 | ||
| 648 | 7 | |a Geschichte 1500-1815 |2 gnd | |
| 651 | 7 | |a Berlin |0 (DE-588)4005728-8 |0 (DE-603)085007188 |2 gnd | |
| 655 | 7 | |a Regest |2 gnd-content |0 (DE-588)4049007-5 |0 (DE-603)085136581 | |
| 700 | 1 | |a Huch, Gaby |d 1963- |e Herausgeber |4 edt |0 (DE-603)400459051 |0 (DE-588)1127560115 |2 gnd | |
| 810 | 2 | 2 | |a Historische Kommission zu Berlin |t Berlin-Forschungen der Historischen Kommission zu Berlin |v 5 |w (DE-603)098418181 |w (DE-600)2075619-7 |9 15 |7 as |
| 883 | 0 | |8 1\p |q LoC | |
| 924 | 0 | |9 30 |a (DE-603)656710780 |b DE-30 |c HES |d c |g 89.859.64 | |
| 924 | 0 | |9 66 |a (DE-603)26116015X |b DE-66 |c HES |d c |g 2005/1692 |h Magazin | |
| 924 | 0 | |9 - |a (DE-603)1042290237 |b DE- |c HES |d d |g / | |
| 924 | 0 | |9 4/406 |a (DE-603)352129042 |b DE-4-406 |c HES |d d |g EPB 52 | |